Más allá de las amonestaciones. El Orden democrático en las instituciones escolares /
Gardado en:
| Autor Principal: | |
|---|---|
| Autores Corporativos: | , |
| Formato: | Texto |
| Publicado: |
Buenos Aires:
UNICEF
|
| Materias: | |
| Etiquetas: |
Engadir etiqueta
Sen Etiquetas, Sexa o primeiro en etiquetar este rexistro!
|
MARC
| LEADER | 00000 a a2200000 04500 | ||
|---|---|---|---|
| 001 | 28607 | ||
| 003 | |||
| 040 | |a CRAI/IIS |c CRAI/IIS | ||
| 020 | |a 987-9286-04-9 | ||
| 090 | |a 189200 | ||
| 100 | |a Tenti Fanfani, Emilio | ||
| 110 | |a UNICEF | ||
| 245 | |a Más allá de las amonestaciones. El Orden democrático en las instituciones escolares / |c UNICEF | ||
| 260 | |a Buenos Aires: |b UNICEF | ||
| 300 | |a 81 p | ||
| 650 | |a DISCIPLINA ESCOLAR | ||
| 650 | |a DEMOCRACIA | ||
| 650 | |a FINES DE LA EDUCACION | ||
| 650 | |a SOCIOLOGIA DE LA EDUCACION | ||
| 650 | |a CONTROL SOCIAL | ||
| 710 | |a CONICET | ||
| 999 | |c 16858 |d 16858 | ||



